| 000 | 00775nam a22002177a 4500 | ||
|---|---|---|---|
| 999 |
_c20440 _d20440 |
||
| 005 | 20190725083304.0 | ||
| 008 | 190311b xxu||||| |||| 00| 0 spa d | ||
| 020 | _a9789585773769 | ||
| 040 |
_aCO-BoIAVH _cCO-BoIAVH |
||
| 041 | _aspa | ||
| 044 | _ack | ||
| 090 |
_aFG _b0336 |
||
| 100 | _aCardona, Antonio María | ||
| 245 | 1 | 0 | _aKipará; símbolo de identidad y cultura embera |
| 260 |
_aQuibdó Chocó, Colombia: _bInstituto de Investigaciones Ambientales del Pacífico IIAP _c2018. |
||
| 300 |
_a28 páginas _c19X22cm |
||
| 650 | 0 |
_aConocimiento ecológico tradicional. _zPacífico (Región, Colombia) |
|
| 650 | 0 | _aBiodiversidad agrícola | |
| 710 | _aCabildo mayor Indígena zona Costera Pacífica (Camizcop) | ||
| 942 |
_2z _cFolleto |
||